Jeux de société - indices - Statistiques

Statistiques générales
  • Ce quiz a été pris 286 fois
  • Le résultat moyen est 10 sur 14
Statistiques - réponses
Indice Jeux % Correct
Fer à repasser, chien, chapeau, dé à coudre... qui aura le plus d'hôtels ? Monopoly
97%
Débarrasse toi de tes cartes et n'oublie pas le mot magique quand il n'en reste qu'une Uno
95%
Le village s'endort Loups garous
94%
Des chiffres et des lettres... sans les chiffres Scrabble
84%
Qui ? Où ? Avec quoi ? Cluedo
81%
Achat, revente, factures mensuelles, la vie adulte pour les enfants La bonne paye
75%
Prends la route et avance en évitant les embûches des adversaires Mille bornes
70%
Dominos triangles Triominos
68%
1 lettre, plusieurs thèmes Petit bac
61%
Devine le dessin Pictionary
61%
Trouve la combinaison de couleurs Mastermind
57%
Sors du box et fais le tour du plateau Petits chevaux
57%
Fais deviner quelque chose avec des mots, un mot, puis un mime Time's up
55%
Lance les dés et crée des combinaisons pour gagner des points Yams
51%
Aucun quiz correspondant
Distribution des résultats
% des personnes avec chaque résultat
Percentile par nombre de réponses
Votre historique - résultats
Vous n’avez pas pris ce quiz